Introduction to quantum mechanics : with applications to chemistry (Record no. 64360)

000 -LEADER
fixed length control field 00450nam a22001697a 4500
003 - CONTROL NUMBER IDENTIFIER
control field NUST - PNEC
005 - DATE AND TIME OF LATEST TRANSACTION
control field 20170116180840.0
008 - FIXED-LENGTH DATA ELEMENTS--GENERAL INFORMATION
fixed length control field 150819b xxu||||| |||| 00| 0 eng d
020 ## - INTERNATIONAL STANDARD BOOK NUMBER
International Standard Book Number -
040 ## - CATALOGING SOURCE
Transcribing agency LIBRARY
082 ## - DEWEY DECIMAL CLASSIFICATION NUMBER
Classification number 530.1 PAU
100 ## - MAIN ENTRY--PERSONAL NAME
9 (RLIN) 5280
Personal name Pauling, Linus
245 ## - TITLE STATEMENT
Title Introduction to quantum mechanics : with applications to chemistry
Statement of responsibility, etc. Linus Pauling
260 ## - PUBLICATION, DISTRIBUTION, ETC.
Date of publication, distribution, etc. c.1935
650 ## - SUBJECT ADDED ENTRY--TOPICAL TERM
9 (RLIN) 5282
Topical term or geographic name entry element Quantum theory
General subdivision ME
942 ## - ADDED ENTRY ELEMENTS (KOHA)
Source of classification or shelving scheme
Koha item type Book
Holdings
Withdrawn status Lost status Source of classification or shelving scheme Damaged status Not for loan Permanent Location Current Location Shelving location Date acquired Total Checkouts Full call number Barcode Date last seen Price effective from Koha item type
          Pakistan Navy Engineering College (PNEC) Pakistan Navy Engineering College (PNEC)       530.1 PAU PNECLIB-008683 08/19/2015   Book
© 2023 Central Library, National University of Sciences and Technology. All Rights Reserved.